000 00487nam a2200181Ia 4500
005 20250508152445.0
008 008 250505s9999 xx 000 0 eng d
037 _aTextual
040 _aFEDL
_beng
_cFEDL
041 _aeng
_2eng
084 _a700.54, ARC
_qFEDL
100 _aArcher W G
245 0 _aIndia and modern art
260 _aLondon, UK
_bGeorge Allen and Unwin Ltd.
_c1959
300 _a143p.
942 _cTEXL
_h700.54, ARC
999 _c1336540
_d1336540